[Event "AUTO-MASTER-3241"]
[Site "http://www.queenalice.com/game.php?id=1856689"]
[Date "2025.5.4"]
[Round "2"]
[White "Biagio"]
[Black "rmvwoods"]
[Result "1-0"]
[WhiteElo "2303"]
[BlackElo "2043"]

1. d4 d5 2. c4 c6 3. Nc3 Nf6 4. Nf3 e6 5. Bg5 h6 6. Bxf6 Qxf6 7. e3 Nd7 8. Bd3
dxc4 9. Bxc4 Bb4 10. O-O b5 11. Bd3 O-O 12. Ne4 Qe7 13. Rc1 Bb7 14. a3 Bxa3 15.
bxa3 Qxa3 16. Nc5 Nxc5 17. Rxc5 Qa5 18. Ne5 a6 19. Nxc6 Bxc6 20. Rxc6 Rfc8 21.
Qf3 Rxc6 22. Qxc6 Qd8 23. Be4 Ra7 24. Ra1 b4 25. Rxa6 Rxa6 26. Qxa6 Qb8 27. Qa8
Qxa8 28. Bxa8 f5 29. Bc6 b3 30. Ba4 b2 31. Bc2 Kf7 32. Kf1 Ke7 33. Ke2 g6 34.
Kd3 Kd6 35. Kc3 e5 36. dxe5+ Kxe5 37. Kxb2 g5 38. Kc3 h5 39. Bxf5 Kxf5 40. Kd4
g4 41. g3 Kg5 42. Kd5 1-0

[Event "AUTO-MASTER-3241"]
[Site "http://www.queenalice.com/game.php?id=1856690"]
[Date "2025.5.4"]
[Round "2"]
[White "checkers4me"]
[Black "Biagio"]
[Result "1/2-1/2"]
[WhiteElo "2419"]
[BlackElo "2309"]

1. d4 Nf6 2. c4 g6 3. Nf3 Bg7 4. Nc3 O-O 5. e4 d6 6. h3 e5 7. d5 Nh5 8. Be3 f5
9. exf5 gxf5 10. g3 Qe8 11. Be2 Nf6 12. Qb3 b6 13. O-O-O Na6 14. Kb1 Bd7 15. Nh4
Nc5 16. Qc2 Nfe4 17. Nxe4 fxe4 18. g4 Qe7 19. Nf5 Bxf5 20. gxf5 Kh8 21. Bxc5
bxc5 22. Qxe4 Qf6 23. Bd3 Rab8 24. Rhg1 Rg8 25. Rg4 Qf7 26. Rdg1 Bf6 27. Rxg8+
Rxg8 28. Rxg8+ Qxg8 29. Qg4 Qxg4 1/2-1/2

[Event "AUTO-MASTER-3241"]
[Site "http://www.queenalice.com/game.php?id=1856691"]
[Date "2025.5.4"]
[Round "2"]
[White "Biagio"]
[Black "checkers4me"]
[Result "0-1"]
[WhiteElo "2307"]
[BlackElo "2389"]

1. d4 Nf6 2. c4 e6 3. Nc3 d5 4. Bg5 Be7 5. e3 O-O 6. Nf3 h6 7. Bxf6 Bxf6 8. Rc1
Nc6 9. Be2 a6 10. O-O b6 11. h3 Bb7 12. Bd3 Nb4 13. Bb1 dxc4 14. Ne4 b5 15. a3
Nd5 16. Qc2 g6 17. Nc5 Qc8 18. e4 Nf4 19. Qd2 g5 20. g3 Ng6 21. Qe2 e5 22. dxe5
Nxe5 23. Nxe5 Bxe5 24. f4 Bd4+ 0-1

[Event "AUTO-OPEN-4598"]
[Site "http://www.queenalice.com/game.php?id=1858234"]
[Date "2025.6.3"]
[Round "1"]
[White "Biagio"]
[Black "SGF"]
[Result "1-0"]
[WhiteElo "2308"]
[BlackElo "1797"]

1. d4 e6 2. c4 Qf6 3. Nc3 c6 4. e4 Bb4 5. Nf3 h6 6. Bd3 a5 7. O-O g5 8. e5 Qe7
9. Na4 Qd8 10. a3 Be7 11. c5 Ra7 12. Nb6 g4 13. Nd2 h5 14. Ne4 f5 15. Nd6+ Bxd6
16. exd6 h4 17. Bf4 Nf6 18. Re1 Nd5 19. Nxd5 cxd5 20. Bxf5 Rf8 21. Bg6+ Rf7 22.
Bxf7+ Kxf7 23. Qxg4 Qh8 24. Be5 Qh7 25. Re3 Nc6 26. Rf3+ Ke8 27. Rh3 Nxe5 28.
dxe5 b5 29. cxb6 Rb7 30. Rxh4 Qe4 31. Qg8# 1-0

[Event "AUTO-OPEN-4598"]
[Site "http://www.queenalice.com/game.php?id=1858235"]
[Date "2025.6.3"]
[Round "1"]
[White "SGF"]
[Black "Biagio"]
[Result "0-1"]
[WhiteElo "1820"]
[BlackElo "2304"]

1. e4 c6 2. Qf3 d5 3. exd5 cxd5 4. Nc3 Nf6 5. d4 Nc6 6. Be3 Bg4 7. Qg3 e6 8. Nb5
Rc8 9. Bg5 Bf5 10. c3 a6 11. Na3 Be7 12. Be2 h6 13. Bxf6 Bxf6 14. h4 Qb6 15. b4
O-O 16. Nf3 Qc7 17. Qxc7 Rxc7 18. b5 Ne7 19. Rc1 Rfc8 20. bxa6 bxa6 21. Bxa6 Ra8
22. Nb5 Rd7 23. Ne5 Bxe5 24. dxe5 Rxa6 25. a3 Ng6 26. g3 Nxe5 27. Ke2 Bd3+ 28.
Ke3 Bxb5 29. Kf4 Nd3+ 30. Kg4 Nxc1 31. Rxc1 Rxa3 32. f4 Be2+ 33. Kh3 Rc7 34. Re1
Bd3 35. h5 Rcxc3 36. g4 Bf5+ 37. Kh4 Rh3# 0-1

[Event "AUTO-OPEN-4598"]
[Site "http://www.queenalice.com/game.php?id=1858236"]
[Date "2025.6.3"]
[Round "1"]
[White "Biagio"]
[Black "Canaye14"]
[Result "1-0"]
[WhiteElo "2304"]
[BlackElo "2085"]

1. d4 e6 2. c4 d5 3. Nc3 c5 4. cxd5 exd5 5. Nf3 Nf6 6. Bg5 c4 7. e4 Be6 8. exd5
Bxd5 9. Bxf6 gxf6 10. Qe2+ Be7 11. Nxd5 Qxd5 12. Qxc4 Qxc4 13. Bxc4 O-O 14. O-O
Nc6 15. Rfe1 Rfe8 16. d5 Nb4 17. Rac1 Rac8 18. a3 Na6 19. Bxa6 bxa6 20. Rxc8 1-0

[Event "AUTO-OPEN-4598"]
[Site "http://www.queenalice.com/game.php?id=1858237"]
[Date "2025.6.3"]
[Round "1"]
[White "Canaye14"]
[Black "Biagio"]
[Result "0-1"]
[WhiteElo "1853"]
[BlackElo "2313"]

1. d4 Nf6 2. Bf4 d5 3. Nf3 c5 4. c3 Nc6 5. e3 Qb6 6. Qc2 g6 7. Nbd2 Bg7 8. dxc5
Qxc5 9. Be2 Bf5 10. Qb3 Na5 11. Qb5+ Qxb5 12. Bxb5+ Bd7 13. Bxd7+ Nxd7 14. O-O
O-O 15. Rfe1 Nc6 16. Rad1 e6 17. Bd6 Rfe8 18. e4 Bf8 19. e5 Bxd6 20. exd6 Red8
21. c4 Nc5 22. cxd5 exd5 23. Ne5 Rxd6 24. Ndf3 f6 0-1

[Event "AUTO-ELITE-2588"]
[Site "http://www.queenalice.com/game.php?id=1859289"]
[Date "2025.7.3"]
[Round "1"]
[White "danielglowinski"]
[Black "Biagio"]
[Result "1-0"]
[WhiteElo "2490"]
[BlackElo "2195"]

1. e4 c5 2. Nf3 d6 3. d4 cxd4 4. Nxd4 Nf6 5. Nc3 a6 6. Be3 e5 7. Nf3 Be7 8. Bd3
O-O 9. O-O b5 10. a3 Bb7 11. Nh4 g6 12. Nf3 1-0

[Event "AUTO-ELITE-2588"]
[Site "http://www.queenalice.com/game.php?id=1859290"]
[Date "2025.7.3"]
[Round "1"]
[White "Biagio"]
[Black "danielglowinski"]
[Result "0-1"]
[WhiteElo "2198"]
[BlackElo "2488"]

1. d4 Nf6 2. c4 e6 3. Nc3 d5 4. Bg5 Be7 5. e3 O-O 6. cxd5 exd5 7. Bd3 Nc6 8.
Nge2 Nb4 9. Bb1 c6 10. a3 Na6 11. O-O Nc7 12. Bd3 Ne6 0-1

[Event "AUTO-ELITE-2588"]
[Site "http://www.queenalice.com/game.php?id=1859293"]
[Date "2025.7.3"]
[Round "1"]
[White "drup"]
[Black "Biagio"]
[Result "1-0"]
[WhiteElo "2298"]
[BlackElo "2207"]

1. e4 c5 2. Nf3 d6 3. Bc4 Nf6 4. Nc3 e6 5. O-O Be7 6. d4 cxd4 7. Nxd4 O-O 8. Re1
a6 9. a4 Nbd7 10. a5 Ne5 11. Bf1 Bd7 12. f4 Nc6 13. Nb3 Rc8 14. e5 1-0

[Event "AUTO-ELITE-2588"]
[Site "http://www.queenalice.com/game.php?id=1859294"]
[Date "2025.7.3"]
[Round "1"]
[White "Biagio"]
[Black "drup"]
[Result "0-1"]
[WhiteElo "2217"]
[BlackElo "2288"]

1. d4 d5 2. Nf3 Nf6 3. Bf4 Nc6 4. e3 Nh5 5. Bg5 h6 6. Bh4 g5 7. Nfd2 Ng7 8. Bg3
Nf5 9. c4 Nxg3 10. hxg3 e6 11. Nc3 Bg7 12. cxd5 exd5 13. Bd3 a6 14. a3 Be6 0-1